000
00296nam a22001217a 4500
008
230627b xxu||||| |||| 00| 0 eng d
020
_a
9251021120
082
_a
338.1
_b
FAO 1984
245
_a
The State of Food and Agriculture
260
_a
Rome
_b
FAO
_c
1984
300
_a
XVI,221p
942
_2
ddc
_c
BK
999
_c
2792
_d
2792